Υπολογισμός των ανταλλαγών πλευστότητας στη θάλασσα του Αιγαίου : διπλωματική εργασία
Αποθηκεύτηκε σε:
| Κύριος συγγραφέας: | |
|---|---|
| Συγγραφή απο Οργανισμό/Αρχή: | |
| Άλλοι συγγραφείς: | |
| Μορφή: | Thesis Βιβλίο |
| Γλώσσα: | Greek |
| Δημοσίευση: |
2008.
|
| Θέματα: | |
| Διαθέσιμο Online: | http://hdl.handle.net/11610/11599 |
| Ετικέτες: |
Προσθήκη ετικέτας
Δεν υπάρχουν, Καταχωρήστε ετικέτα πρώτοι!
|
MARC
| LEADER | 00000cam a2200000 i 4500 | ||
|---|---|---|---|
| 001 | 1/1276 | ||
| 008 | 090903s2008 gr | ||| |||| ||gre|| | ||
| 035 | |l 10105539 | ||
| 040 | |a GR-MyUa |b gre |e AACR2 | ||
| 041 | 0 | |a gre | |
| 082 | 7 | |a 551.46 |2 (22) | |
| 100 | 1 | |a Μερκουριάδη, Ιωάννα. | |
| 245 | 1 | 0 | |a Υπολογισμός των ανταλλαγών πλευστότητας στη θάλασσα του Αιγαίου : |b διπλωματική εργασία / |c Ιωάννα Μερκουριάδη ; επιβλέποντες καθηγητές: Βασίλης Ζερβάκης, Ελίνα Τράγου. |
| 260 | |c 2008. | ||
| 300 | |a 179 σ. : |b εικ. ; |c 30 εκ. | ||
| 502 | |a Διατριβή (μεταπτυχιακή) – Πανεπιστήμιο Αιγαίου, Λέσβος, 2008. | ||
| 504 | |a Βιβλιογραφία: σ. 54. | ||
| 650 | 0 | 0 | |a Oceanography |z Aegean Sea. |
| 650 | 0 | 0 | |a Ocean temperature |z Aegean Sea. |
| 650 | 0 | 0 | |a Ocean circulation |z Aegean Sea. |
| 650 | 0 | 0 | |a Ocean currents |z Aegean Sea. |
| 650 | 0 | 0 | |a Dissertations, Academic |z Greece. |
| 700 | 1 | |a Ζερβάκης, Βασίλης, |e dgs | |
| 700 | 1 | |a Τράγου, Ελίνα, |e dgsf | |
| 710 | 2 | |a Πανεπιστήμιο Αιγαίου |b Σχολή Περιβάλλοντος |b Τμήμα Επιστημών της Θάλασσας |b Πρόγραμμα Μεταπτυχιακών Σπουδών Διαχείριση Παράκτιων Περιοχών. | |
| 852 | |a INST |b LESVOS |c DIATR |e 20090903 |h 131 |p 005100046678 |q 005100046678 |t MTXE |y 23 | ||
| 852 | |a INST |b LESVOS |c DIATR |e 20090903 |h 132 |p 005100046677 |q 005100046677 |t MTXE |y 23 | ||
| 856 | |u http://hdl.handle.net/11610/11599 | ||
| 901 | |a BIBL1-2009-3 | ||
| 924 | |a Μερκουριάδη, |b Ιωάννα |y Λέσβος |z 2009-02 | ||
| 970 | |a ΤΖΑΦΕΡΗ |b ΕΥΑΓΓΕΛΙΑ |z 2009/09/03 | ||